00415nam a2200169Ia 4500003000500000008004100005020001800046040001900064082000700083100002000090245004200110246002300152260003900175300000900214365000800223546001400231STCL221019s9999 xx 000 0 und d a9789390234868 aSTCLcSTCLbEN 222 aParakadavu, P K 0aപെരുവിരൽ കഥകൾ aPeruviral kathakal bMathrubhumi BooksaKozhikodec2020 a63 p b100 aMalayalam